Statistics for World Capitals Closest to Andorra la Vella - One Minute Sprint

Click here to take the quiz!

General Stats

  • This quiz has been taken 29 times
  • The average score is 15 of 20

Answer Stats

kmcapitalmiles% Correct
494Madrid307
100%
907Rome563
96%
1010London627
96%
681Bern423
92%
710Paris441
92%
994Lisbon617
92%
499Monaco310
92%
953Brussels952
88%
1127Amsterdam700
83%
887Luxembourg551
79%
1321Vienna821
79%
906Vatican City562
75%
973Tunis605
75%
815Vaduz506
71%
1198Rabat744
71%
900San Marino599
67%
654Algiers406
63%
1106Ljubljana687
42%
1300Prague807
42%
1209Zagreb751
33%

Score Distribution

Percentile by Number Answered

Percent of People with Each Score

Your Score History

You have not taken this quiz